000 00608nam a2200229Ia 4500
003 OSt
005 20220928111132.0
006 a|||||r|||| 00| 0
007 ta
008 220927b |||||||| |||| 00| 0 eng d
024 _a30854
037 _cReference Collections
040 _aSDCL
_cSDCL
_beng
041 _2eng
_aeng
082 _aQ1k, K3 RR
100 _aSuryakanta
_9357772
245 0 _aVaidic kosh.
260 _aBanaras
_bVaidic Research Samiti
_c1963
300 _a596p
_ccm.
942 _hQ1k, K3 RR
_cREF
_2CC
999 _c737944
_d737944